Đánh giá kết quả học tập : (Sách chuyên khảo)
Những vấn đề chung về đánh giá kết quả học tập bao gồm các nguyên tắc, phương pháp đánh giá, các kĩ thuật xây dựng công cụ đánh giá, đánh giá với vai trò hỗ trợ dạy học và áp dụng bài kiểm tra tiêu chuẩn hoá, mô tả kết quả. Đánh giá,...
Сохранить в:
| Главный автор: | |
|---|---|
| Формат: | |
| Язык: | Undetermined |
| Опубликовано: |
Hà Nội
Nxb. Đại học Sư phạm
2014
|
| Предметы: | |
| Метки: |
Добавить метку
Нет меток, Требуется 1-ая метка записи!
|
| Thư viện lưu trữ: | Trung tâm Học liệu Trường Đại học Cần Thơ |
|---|
| LEADER | 01223nam a2200241Ia 4500 | ||
|---|---|---|---|
| 001 | CTU_199907 | ||
| 008 | 210402s9999 xx 000 0 und d | ||
| 020 | |c 40000 | ||
| 082 | |a 371.26 | ||
| 082 | |b O.408 | ||
| 100 | |a Trần, Thị Tuyết Oanh | ||
| 245 | 0 | |a Đánh giá kết quả học tập : | |
| 245 | 0 | |b (Sách chuyên khảo) | |
| 245 | 0 | |c Trần Thị Tuyết Oanh | |
| 260 | |a Hà Nội | ||
| 260 | |b Nxb. Đại học Sư phạm | ||
| 260 | |c 2014 | ||
| 520 | |a Những vấn đề chung về đánh giá kết quả học tập bao gồm các nguyên tắc, phương pháp đánh giá, các kĩ thuật xây dựng công cụ đánh giá, đánh giá với vai trò hỗ trợ dạy học và áp dụng bài kiểm tra tiêu chuẩn hoá, mô tả kết quả. Đánh giá, xếp loại học tập và rèn luyện của học sinh, sinh viên | ||
| 526 | |a Đánh giá kết quả học tập Toán và Khoa học tự nhiên | ||
| 526 | |b SG422 | ||
| 650 | |a Quality assessment,Đánh giá chất lượng | ||
| 904 | |i Bằng | ||
| 980 | |a Trung tâm Học liệu Trường Đại học Cần Thơ | ||